=LDR 00000nam 2200000 4500 =001 INLIS000000000057734 =990 ##$$a 17.682/Pb-11 =005 20210407071348 =035 ##$$a 0010-0421000012 =245 1#$$a Budi Daya Ikan Bandeng Untuk Umpan /$c M. Ghufran H. Kordi K. =100 #$$a Kordi, M. Ghufran H. K. =300 ##$$a 167 ; $c 20.5 =260 ##$$a Jakarta :$b Akademia,$c 2010 =082 ##$$a 639.32 =084 ##$$a 639.32 KOR b =020 ##$$a 978-602-838-122-2